Human Identification On the Basis of Dental Biometrics / (Record no. 524780)

000 -LEADER
fixed length control field 00522nam a22001817a 4500
003 - CONTROL NUMBER IDENTIFIER
control field NUST
005 - DATE AND TIME OF LATEST TRANSACTION
control field 20190625113520.0
008 - FIXED-LENGTH DATA ELEMENTS--GENERAL INFORMATION
fixed length control field 190625b ||||| |||| 00| 0 eng d
038 ## - RECORD CONTENT LICENSOR
Staff Name Mr. Noman Tariq
082 ## - DEWEY DECIMAL CLASSIFICATION NUMBER
Classification number 621
100 ## - MAIN ENTRY--PERSONAL NAME
Relator code Faisal Rehman
245 ## - TITLE STATEMENT
Title Human Identification On the Basis of Dental Biometrics /
Statement of responsibility, etc. Faisal Rehman
260 ## - PUBLICATION, DISTRIBUTION, ETC.
Place of publication, distribution, etc. Islamabad :
Name of publisher, distributor, etc. CEME Nust,
Date of publication, distribution, etc. 2015.
300 ## - PHYSICAL DESCRIPTION
Extent x, 52 p. : ill. ;
Dimensions 30 cm.
500 ## - GENERAL NOTE
General note Hard Cover.
600 ## - SUBJECT ADDED ENTRY--PERSONAL NAME
Source of heading or term Mechatronics Engineering - MsThesis.
942 ## - ADDED ENTRY ELEMENTS (KOHA)
Source of classification or shelving scheme
Koha item type Thesis
Holdings
Withdrawn status Lost status Source of classification or shelving scheme Damaged status Not for loan Permanent Location Current Location Shelving location Date acquired Total Checkouts Full call number Barcode Date last seen Price effective from Koha item type
          Central Library (CL) Central Library (CL) Thesis 06/25/2019   621 CL-T-24 06/25/2019 06/25/2019 Thesis
© 2023 Central Library, National University of Sciences and Technology. All Rights Reserved.